• 首页
  • 本馆介绍
  • 公告通知
  • 最新文献
  • 馆藏检索
  • 电子资源
  • 读者导购
  • 参考咨询
  • 我的图书馆
  • 登录
  • 详细信息显示
  • 放入我的书架
  • 预约/预借图书
  • 作者相关作品
  • 分类相关作品
  • 丛书相关作品
  • 出版社相关作品

书目信息

  • 表格格式
  • 工作单格式
  • 卡片格式
题名:
韩愈散文艺术论
    
 
作者: 孙昌武 著
分册:  
出版信息: 北京   中华书局  2019
页数: 245页
开本: 22cm
丛书名: 孙昌武文集
单 册:
中图分类: I207.62
科图分类:
主题词:
电子资源:
ISBN: 978-7-101-13099-7
000 00868oam2 2200265 450
001 2131050526
005 20211029202829.0
010    @a978-7-101-13099-7@b精装@dCNY58.00
100    @a20191120d2019 em y0chiy0120 ea
101 0  @achi
102    @aCN@b110000
105    @ay z 000yy
106    @ar
200 1  @a韩愈散文艺术论@Ahan yu san wen yi shu lun@f孙昌武著
210    @a北京@c中华书局@d2019
215    @a245页@d22cm
225 2  @a孙昌武文集@Asun chang wu wen ji@v3
314    @a版权页题:孙昌武著
330    @a本书共七章,内容包括:“文以明道”,卫道重“文”;传道明理,兴功用世;革新文体;改革文风;写作技巧;文学语言等。
461  0 @12001 @a孙昌武文集
600  0 @a韩愈@Ahan yu@f(768-824)@x古典散文@x散文评论
690    @aI207.62@v5
701  0 @a孙昌武@Asun chang wu@4著
801  0 @aCN@b百万庄@c20211029
905    @b1313303-06@dI207.62@e1036@f4
    
    韩愈散文艺术论/孙昌武著.-北京:中华书局,2019
    245页;22cm.-(孙昌武文集;3)
    
    
    ISBN 978-7-101-13099-7(精装):CNY58.00
    本书共七章,内容包括:“文以明道”,卫道重“文”;传道明理,兴功用世;革新文体;改革文风;写作技巧;文学语言等。
●
相关链接 在E读中查询图书 在五车中查询图书 在当当中查询图书 在豆瓣中查询图书


正题名:韩愈散文艺术论     索取号:I207.62/1036         预约/预借

序号 登录号 条形码 馆藏地/架位号 状态 备注
1 1313303   213133036   第一样本阅览室/ [索取号:I207.62/1036] 在馆    
2 1313304   213133045   第二借阅区/ [索取号:I207.62/1036] 在馆    
3 1313305   213133054   第二借阅区/ [索取号:I207.62/1036] 在馆    
4 1313306   213133063   第二借阅区/ [索取号:I207.62/1036] 在馆    
唐山师范学院图书馆 欢迎您!
大连网信软件有限公司© 版权所有